000 00661nam a2200193Ia 4500
003 IN-BaIIA
008 211028s9999 xx 000 0 eng d
040 _cIIA Library
080 _a52(091)
_bSAR
245 0 _aAryabhatiya of aryabhata
_bwith the commentary of Suryadeva Yajvan
_cedited by K.V. Sarma
260 _aNew Delhi
_bIndian National Science Academy
_c1976
300 _alii, 200p.
490 _aAryabhatiya Critical Edition Series
650 _aAryabhatiya
_99399
650 _aAstronomy and Astrophysics Thesaurus
650 _aAstronomy-History
_9900
700 _aSarma, K.V ed.
_912550
942 _cBK
999 _c7318
_d7318